[Event "Hartman Active RR"]
[Site "Ancaster"]
[Date "2000.10.23"]
[Round "5"]
[White "Nickoloff, Bryon"]
[Black "Teplitsky, Yan"]
[Result "1-0"]
[WhiteElo "2535"]
[BlackElo "2576"]
[Annotator "John Upper"]
[PlyCount "45"]
[EventDate "2000.10.23"]
[EventType "tourn (rapid)"]
[EventRounds "6"]
[EventCountry "CAN"]
[SourceTitle "Chess Canada Tactiosauru"]
[Source "CFC/John Upper"]
[SourceDate "2023.03.11"]
[SourceVersion "1"]
[SourceVersionDate "2023.03.11"]
[SourceQuality "1"]

1. d4 Nf6 2. c4 e6 3. Nc3 Bb4 4. e3 c5 5. Nge2 d5 6. a3 Bxc3+ 7. Nxc3 cxd4 8.
exd4 dxc4 9. Bxc4 Nc6 10. Be3 O-O 11. O-O b6 12. Qf3 Bb7 13. Bd3 Qd7 14. Qh3
Ne7 15. Bg5 Ng6 $8 16. Bxf6 gxf6 17. Rad1 Qd6 18. Rfe1 Rfd8 {[%mdl 32864] [#]
How can White activate his pieces?} 19. d5 $1 {Classic positional pawn sac. No
matter what Black does, White will end up with at least a good N vs bad B.} (
19. Bxg6 $2 hxg6 $15) (19. Be4 $5 Bxe4 20. Nxe4 Qf4 21. g3 Qf3 22. Qh5 $5 $16)
19... exd5 (19... e5 $2 20. Ne4 Qe7 21. d6 $18) (19... Bxd5 20. Be4 Qc6 21.
Bxd5 exd5 22. Rd4 $14 {White has more than enough for the pawn, but Black is
not doomed.}) 20. Nb5 Qf4 $2 (20... Qf8 21. Qf3 Qg7 22. Nd4 Ne5 23. Qf4 $16 {
and Re3-g3.}) 21. g3 $1 {[#]} Qa4 (21... Qf3 $2 22. Nd4 $18) (21... Qg5 22. f4
$1 $18 Nxf4 23. Qxh7+ Kf8 24. Qh8+ $18 {wins the N.}) 22. Nd4 Bc8 (22... Qxd4
$2 23. Bxg6 $18 {threatening mate and the Q.}) 23. Qh6 $1 {Black has no good
defence to White's attack, beginning with h2-h4-h5.} 1-0

[Event "Olympiad"]
[Site "Istanbul"]
[Date "2000.11.06"]
[Round "9"]
[White "Spraggett, Kevin"]
[Black "Ivanisevic, Ivan"]
[Result "1-0"]
[WhiteElo "2506"]
[BlackElo "2543"]
[Annotator "John Upper"]
[PlyCount "91"]
[EventDate "2000.??.??"]
[EventType "team"]
[EventCountry "TUR"]
[SourceTitle "Chess Canada Tactiosauru"]
[Source "CFC/John Upper"]
[SourceDate "2023.03.11"]
[SourceVersion "1"]
[SourceVersionDate "2023.03.11"]
[SourceQuality "1"]

{[%evp 0,91,19,-12,11,2,18,19,18,4,6,0,14,8,24,3,14,4,7,3,34,-24,24,-28,-27,
-14,-14,6,22,8,16,24,78,35,35,-1,1,-13,-2,-105,-2,-2,0,-7,4,4,11,10,2,0,0,0,15,
9,13,-4,22,22,-39,22,-12,-25,-34,-30,-25,-31,-44,-33,-32,-29,-15,-26,280,294,
285,285,339,351,297,153,179,146,151,152,299,334,372,447,547,584,580,634,650,
718]} 1. c4 c5 2. g3 g6 3. Bg2 Bg7 4. Nc3 Nc6 5. e3 e6 6. Nge2 Nge7 7. Nf4 Ne5
8. d3 Nf5 9. Qc2 h5 10. h3 Rb8 11. b3 b5 12. Bb2 bxc4 13. dxc4 Ba6 14. Rd1 d6
15. O-O Qe7 16. Ne4 Bb7 17. h4 O-O {[#] A rare configuration of minor pieces:
four fianchettos and a knight cube.} 18. Qc1 Rfd8 19. Qa1 Ng4 20. Bxg7 Nxg7 21.
Qc3 Nf5 22. Rfe1 Ba8 23. Re2 Rb6 24. Red2 Rdb8 25. Qd3 a5 26. Nc3 Bxg2 27. Nxg2
Rb4 28. Qe2 Ne5 29. Ne1 Qb7 30. e4 Nd4 31. Rxd4 cxd4 32. Rxd4 Qe7 33. Nc2 R4b6
34. Rd1 Kg7 35. Nd4 {[%mdl 32768] [#] Critical Position Black has an exchange
for a pawn, but no open lines for his R's, while White might consider
queenside pressure with Na4 and Nb5!? Is ...g5 to to open a file on the
kingside worth a try?} g5 $4 {[%mdl 80] It's hard to sit still, but Black
really doesn't have anything to do.} (35... Nc6 $5 36. Ndb5 $14 {and Black has
to tread water some more.}) 36. Nd5 $1 $18 {Now that f5 isn't doubly defended.}
(36. Qxh5 {is good too, but Spraggett's move is crushing.}) 36... Qd8 (36...
exd5 37. Nf5+ $18) 37. Nxb6 Rxb6 38. c5 $1 {The rest of the game is fun
watching Spraggett keep playing for the initiative, rather than cashing in on
his obvious threats.} Rb4 (38... dxc5 $2 39. Nf5+ $18 {with a double attack on
K and Q.}) 39. f4 $5 gxf4 40. gxf4 Ng4 41. Nc6 {[#] Winning an exchange?} Qc7 {
Setting a trap...?} (41... Qxh4 $142 42. Nxb4 Qg3+ 43. Qg2 $8 Qe3+ 44. Kh1 $8 (
44. Kf1 Qxf4+ $11) 44... axb4 45. cxd6 {the N is pinned so there's no fork on
f2.} Kh7 (45... Kf8 46. d7 $1 $18) 46. Rf1 Qd3 47. e5 $16) 42. Rxd6 $1 {
No trap for you!} (42. Nxb4 $2 Qxc5+ 43. Kg2 Ne3+ $16 (43... axb4 $5)) 42... e5
(42... Rb7 43. Qb2+ Kh7 44. Qd4 $18 {with two extra pawns and complete
domination.}) 43. Qd3 Kh7 44. Qd5 Rb7 45. Nxe5 Ne3 46. Qd4 {Spraggett won the
center, and the Silver Medal.} 1-0

[Event "Canadian op"]
[Site "Edmonton"]
[Date "2005.07.16"]
[Round "9"]
[White "Shirov, Alexei"]
[Black "Bluvshtein, Mark"]
[Result "0-1"]
[WhiteElo "2705"]
[BlackElo "2529"]
[Annotator "John Upper"]
[PlyCount "46"]
[EventDate "2005.07.09"]
[EventType "swiss"]
[EventRounds "10"]
[EventCountry "CAN"]
[SourceTitle "Chess Canada Tactiosauru"]
[Source "CFC/John Upper"]
[SourceDate "2023.03.11"]
[SourceVersion "1"]
[SourceVersionDate "2023.03.11"]
[SourceQuality "1"]

{[%evp 0,46,19,18,18,25,27,20,33,34,35,27,27,30,66,44,49,59,47,-31,-31,36,17,
-12,18,-62,-6,3,22,38,224,162,141,0,-103,-123,-59,-110,246,-31,79,81,0,0,0,0,0,
-181,-181]} 1. e4 e5 2. Nf3 Nf6 3. Nxe5 d6 4. Nf3 Nxe4 5. d4 d5 6. Bd3 Bd6 7.
O-O O-O 8. c4 c6 9. Qc2 Na6 10. a3 Bg4 11. Ne5 Bf5 12. b4 f6 13. Nf3 Qe8 {
[#] Mark had some serious experience in this line when he faced Shirov:} 14. b5
(14. c5 Bb8 15. Nc3 Bg6 16. Nh4 f5 17. Nxg6 Qxg6 18. Ne2 (18. b5 Nc7 19. bxc6
bxc6 20. Ne2 $11 {(0-1, 34) Lagno,K (2472)-Bluvshtein,M (2462) Montreal, 2004})
18... Nc7 19. f3 Ne6 20. fxe4 fxe4 21. Rxf8+ Nxf8 22. Bxe4 dxe4 23. Qc4+ $14 {
(½-½, 49) Nataf,I (2553)-Bluvshtein,M (2462) Montreal, 2004.}) 14... Qh5 $5
15. bxa6 Bg4 $8 {Threatening ...Bxf3 to remove the guard and ...Qxh2 mate.
White makes the most natural move, but had the opportunity for an amazing
defence which would surely have shocked Black.} 16. Re1 $2 (16. Nh4 $142 $3
Qxh4 17. f4 $1 $14 {White has just returned the piece, but Black's attack has
stalled and his queenside is a mess.}) 16... Bxf3 17. gxf3 Qxh2+ 18. Kf1 {
[%mdl 32960] [#] Critical Positon Compare ...f5 with ...Ng5.} f5 $6 {Threat: ..
.Rae8 then ...Qh1+ and ...Nc3+.   Mark's 18... f5 is spectacular, and it does
no worse thand draw, so rating it as "dubious" might seem harsh; but it turns
a forced win into what should be a draw, and Shirov comes within one "only
move" of holding the game.} (18... Ng5 $8 $19 {threatens to use the N as an
attacking piece -- ideally with ...Nxf3-xd4 -- and not only as bait to pry
open the f-file.} 19. Bxg5 {gets rid of the N but opens the f-file anyway, but
(unlike the game) without requiring Black to sac the N for a pawn on e4, and
without leaving White the possibility of defending with Bc1-e3.} ({White can
finish developing and adding defenders, but Black's nimble N is too strong:} 
19. Be3 Rae8 20. Nd2 (20. Ke2 Rxe3+ $1 $19) 20... Nh3 $19 {threatening ...Rxe3
and mate on f2, and if White defends f2 with} 21. Nb3 Nf4 $1 {#4}) (19. axb7 {
shows a different way to use the N:} Qh3+ $1 20. Ke2 (20. Kg1 $4 Nxf3#) 20...
Rae8+ $8 21. Be3 Nxf3 $8 {threatens ...Nxd4+} (21... Qxf3+ $4 22. Kd2 $18) 22.
Kd1 Nxe1 $19 23. Kxe1 (23. Bxh7+ Qxh7 $1 $19 {wins on material.}) 23... f5 $1
$19) 19... fxg5 20. Ke2 (20. Bxh7+ Kh8 $8 $19) (20. Nd2 Rae8 $19 {closes the
only exit.}) (20. Re3 {building a bridge} Rae8 $1 $19 {breaks the bridge.})
20... Rae8+ 21. Kd1 Rxe1+ 22. Kxe1 Qg1+ $19) 19. cxd5 $8 {Better than
immediately taking on e4 because in some lines White will need a Q check on
the a2-g8 diagonal (see note to 23.axb7).} (19. fxe4 $4 fxe4 {does more than
win back the B:} 20. Rxe4 (20. Bxe4 dxe4 21. Rxe4 Qh1+ 22. Ke2 Rxf2+ $19 {
and then Q skewers the Q.}) 20... Qh1+ 21. Ke2 Qf3+ 22. Ke1 (22. Kd2 dxe4 23.
Bxe4 Bf4+ $19) 22... dxe4 23. Bf1 Bg3 24. Ra2 e3 25. Bxe3 Qxe3+ $19) 19... cxd5
(19... Rae8 $5 20. fxe4 Qh3+ 21. Ke2 $8 (21. Kg1 $2 Bh2+ $19 {#8 as Black will
get a free tempo for ...Bg3.}) 21... fxe4 $8 22. Bxe4 $8 Qf3+ $8 $13 23. Kf1
Rxe4 24. Rxe4 Qh1+ $13 {probably a draw.}) {[#]} 20. fxe4 $8 (20. axb7 Rae8 21.
Re3 (21. Be3 $2 f4 $1 $19) 21... Bg3 $8 $19 22. b8=Q (22. fxg3 Nxg3+ 23. Ke1
Qg1+ $19) 22... Rxb8 23. fxg3 Qh1+ 24. Ke2 Rbc8 $19) 20... fxe4 21. Bxe4 $8
dxe4 $8 22. Be3 $8 {[#] Critical Position Black has sac'ed a piece for a big
attack. Now what?} (22. Nc3 $4 Qh3+ 23. Kg1 (23. Ke2 Rxf2+ $19) 23... Bh2+ $19
{#4}) (22. Rxe4 Qh1+ 23. Ke2 Rxf2+ 24. Kxf2 Qh2+ $19) 22... Bg3 $1 {[%mdl
33088]} ({Keeping up the pressure and forcing White to find the only
game-saving move.  Black has decent alternatives: He could force a draw with:} 
22... Qh3+ 23. Ke2 Rxf2+ $8 24. Bxf2 Qf3+ 25. Kf1 Qh1+ $11) ({There's also
another sac that (probably) leads to a repetition:} 22... Rxf2+ 23. Qxf2 $5 Rf8
$8 24. Qxf8+ Kxf8 25. Nc3 (25. axb7 $4 Qh1+ 26. Ke2 Qg2+ 27. Kd1 Qb2 $19) 25...
Bf4 $1 26. Ra2 (26. Bxf4 Qxf4+ $11) 26... Qh3+ $1 $11) 23. Ra2 $2 {The right
idea -- defending everthing on the 2nd rank -- but the wrong move order.} (23.
Ke2 $2 Rxf2+ $19 {wins the Q or mate in 2.}) (23. Qc4+ $2 {gains a tempo to
put the Q on a safer square (and defend a Ra2), but not enough:} Kh8 24. Ra2
Qh3+ (24... Rac8 $5 $19 {gains back the tempo to add the R to the attack.}) 25.
Ke2 Bxf2 26. Bxf2 Qf3+ 27. Kf1 e3 $19 {threatening the B and ...e2+ then ...
Qh1#.}) (23. Qb3+ $2 {Like Qc4+ this gains time to safety the Q, and it also
defends the Be3 while not exposing the Q to ...Rc8; however, it leaves the Be3
pinned after} Kh8 24. Ra2 Qh3+ 25. Ke2 Bxf2 $19) (23. axb7 $8 $11 {Analysis
Diagram [#]  Gains time on the Ra8, and narrows Black's options by changing
endgames which would be unclear into wins for White.} Rab8 {threatening ...
Bxf2 and then win the Q with ...Qh1+ and ...Rxf2+ and a skewer.} (23... Rxf2+
$4 24. Qxf2 $8 Rf8 25. Qxf8+ $8 Kxf8 26. Nc3 $8 $18 (26. Nd2 $2 $11 {blocks
the Ks escape route from checks on h1 and h5.})) 24. Ra2 $8 {Defending the Q
and f2.} Qh3+ $8 (24... Qh1+ $2 25. Ke2 Qh5+ 26. Kd2 Bxf2 27. Qc4+ $1 $18 {
or Qb3+ are the only winning moves for White... which is why White needed to
exchange on d5 at move 19.}) 25. Ke2 $8 (25. Kg1 $4 Bh2+ 26. Kh1 Bd6+ 27. Kg1
Rf6 $19) 25... Bxf2 $8 26. Bxf2 {Analysis Diagram  [#]} Qh5+ (26... Qf3+ 27.
Kd2 (27. Kf1 Qh1+ $11) 27... Qxf2+ 28. Kd1 Qxd4+ $13 {is similar to the main
line.}) 27. Ke3 $5 {A risky line, but some people love tightrope walks...} (27.
Kf1 {lets Black choose between a draw or playing for more:} Qh1+ 28. Ke2 Qf3+
29. Kd2 (29. Kf1 $11) 29... Qxf2+ 30. Kd1 $8 (30. Re2 $4 Qxd4+ 31. Ke1 Qg1+ 32.
Kd2 Rfd8+ $19 {is mating.}) 30... Qxd4+ 31. Nd2 Rxb7 32. Qxe4 $11 {Computers
rate this it equal, and I doubt many strong humans would prefer White as it's
hard to believe there are any chances for more than a draw with such an
exposed K.}) 27... Rf3+ 28. Ke2 $8 Rc3+ $5 (28... Rd3+ {forces a draw} 29. Kf1
Qh1+ 30. Ke2 Qf3+ $11) 29. Kd2 Rxc2+ 30. Rxc2 Rxb7 $13) 23... Rf3 $1 {White
resigned.  This is one of only two classical games between 1995 and 2023 that
Shirov has lost as White in under 25 moves. The other was to Karpov, also in
23 moves.} (23... Rf3 $1 {[#]   White resigned here. He has a losing postion
and was playing a GM who had been outplaying him for hours, so that's not
surprising. But how many of us untitled players would mess up this winning
position as Black? Work out the win, if you're so sure. To be helpful, I've
indicated all of Black's "only moves". --------------------------------- The
immediate threat is ...Qh1 then ...Rxe3+, when fxe3 hangs the Re1 with mate.}
24. Qc4+ (24. Nc3 Qh1+ $8 25. Ke2 Rxe3+ $8 $19) (24. Qxe4 Qh1+ $8 25. Ke2 Rxf2+
$8 $19 {with a check, a discovered attack, and a skewer.}) (24. Qb3+ Kh8 $8 25.
axb7 Raf8 $19 {notice that Black has three pieces defending b8... all of which
are also attacking f2! White can delay the inevitable with b8=Q, but after
taking it Black will just go back to attacking.}) (24. axb7 {is too slow now,
as Black can play either ...Raf8 (making the R safe while adding an attacker)
or this:} Qh1+ $1 25. Ke2 Rxe3+ $8 26. Kxe3 (26. fxe3 Qxe1#) 26... Qxe1+ $8 27.
Qe2 Bxf2+ $8 28. Kf4 (28. Kxe4 Re8+ 29. Kf3 Rf8+ {transposes.}) 28... Rf8+ 29.
Kxe4 Qxb1+ $1 $19) (24. Rc1 Raf8 $1 25. Ke2 (25. Ke1 Rxe3+ $1 $19) 25... Rxf2+
$1 {#2.}) 24... Kh8 25. Nc3 Qh3+ {Black can also toss in ...b5 at several
points, gaining a tempo on the Q while preventing any back rank tricks after
axb7; this would be a good "safety first" choice in time trouble, but it's not
necessary.} 26. Ke2 Bxf2 $1 27. Bxf2 Rxc3 $8 $19 28. axb7 Rf8 (28... Re8 $4 29.
Qb5 $11) 29. Qb5 Qf3+ 30. Kd2 Rb3 $8 $19 {threatening the Qb5, the Bf2, and if
Qe2 then ...Qc3 mates.}) 0-1

[Event "Canadian Open U2000"]
[Site "Kitchener"]
[Date "2006.07.16"]
[Round "2"]
[White "Upper, John"]
[Black "Ramenaden, Matthew"]
[Result "1-0"]
[WhiteElo "1993"]
[BlackElo "1778"]
[Annotator "John Upper"]
[PlyCount "69"]
[EventType "swiss"]
[EventRounds "9"]
[EventCountry "CAN"]
[SourceTitle "Chess Canada Tactiosauru"]
[Source "CFC/John Upper"]
[SourceDate "2023.03.11"]
[SourceVersion "1"]
[SourceVersionDate "2023.03.11"]
[SourceQuality "1"]

{[%evp 0,69,20,18,16,-22,-8,-21,10,-5,11,15,16,13,17,8,46,21,71,38,35,48,134,
137,152,150,153,149,170,172,176,158,139,146,197,184,185,159,213,175,213,104,99,
96,72,170,170,186,171,192,192,212,228,194,156,182,182,209,282,296,317,256,220,
220,293,327,425,451,884,978,2069,1085]} 1. Nf3 Nf6 2. c4 e6 3. g3 c6 4. Bg2 d5
5. b3 Be7 6. O-O O-O 7. e3 Na6 8. Bb2 Nc5 9. d4 Nce4 10. Ne5 dxc4 11. bxc4 Nd6
12. c5 Nde8 13. Nd2 Nd5 14. e4 Ndc7 15. Qc2 f6 16. Nd3 Kh8 17. Rfe1 Na6 18.
Rac1 Rf7 19. Qb3 Bf8 20. d5 $1 exd5 {The only testing choice.} 21. exd5 cxd5 {
[%mdl 32896] [#] Critical Position Can White play Qxd5?  The interesting thing
for me analyzing this with computers 15 years after playing it, is how much
wider White's winning margin is than I thought at the time.  During the game I
thought I played accurately (which the computer confirms) and that once I
played d4-d5 I had a very narrow path to victory (which the computer
thoroughly refutes).  In fact -- as is probably obvious to stronger players
than me who look at the diagram -- White is not only clearly winning, but has
_many_ different ways to convert the space advantage and more active pieces
into the win, and that these winning paths continue to exist even if White
plays suboptimally. Having played maybe 200,000+ tactics exercies since then,
I find this easier to believe... but playing into it at the time felt like
"hope chess".} 22. Qxd5 $1 (22. Bxd5 $6 {is also winning, but I avoided it....
due to a miscalculation} Rd7 {The only critical move.} 23. Bc4 $1 (23. Be4 $5
Nxc5 24. Nxc5 Rxd2 $8 $16) (23. Bg2 $1 Rxd3 $6 24. Qxd3 $8 {is similar to the
game} Qxd3 25. Rxe8 $8 $18 Be6 $5 (25... Kg8 26. Bf1 $18) 26. Rxa8 Qxd2 27.
Rxf8+ Bg8 28. Ba3 $8 Qxa2 29. Rd1 $1 Qxa3 30. Bd5 h5 31. Bxg8 $1 $18) (23. Bf7
$2 {This was the only move I considered when thinking about Bxd5} Rxd3 24. Rxe8
(24. Qxd3 $13) 24... Qxe8 25. Bxe8 Rxb3 26. Nxb3 $15) 23... Nxc5 24. Nxc5 Rxd2
25. Ne4 Rd7 26. Bb5 $18 {and White's Bs slice Black to shreds.}) 22... Rd7 (
22... Qxd5 $4 {loses a piece to} 23. Bxd5 Re7 24. Rxe7 Bxe7 25. Re1 $18) 23.
Qh5 $1 {Best, but not as I had long thought, the only move -- Qf3 directly
also wins -- but it is the best, since forcing ...g6 creates extra tactics on
the long diagonal.} g6 $8 (23... Nec7 $2 24. Be4 $18) 24. Qf3 $1 ({I'd
originally planned} 24. Qe2 {when Black's worse if he tries to fight back:}
Rxd3 $2 25. Qxe8 Rxd2 $2 26. Qxd8 Rxd8 27. Bxf6+ $18) ({The exchange sac was
tempting, but Black's OK:} 24. Rxe8 $2 Qxe8 25. Bxf6+ Bg7 $1 26. Qf3 Rf7 $13) (
24. Qh4 $1 {is also very strong, hitting f6.}) 24... Bg7 ({The Nd3 can't be
taken:} 24... Rxd3 $2 25. Rxe8 $8 Qxe8 26. Qxf6+ Kg8 27. Qh8+ Kf7 28. Qxh7+ {
and Black is soon mated.}) (24... Nac7 25. Ne5 $1 {the Pf6 is pinned against
the back-rank mate} Re7 26. Ne4 $1 $18) 25. Nc4 $1 {[#] Black's terrible
development mean White can simply consolidate with Bf1 with a huge advantage,
but this is more fun.} Nac7 ({The critical line, which we both saw, was this:} 
25... Rxd3 26. Qxd3 $1 (26. Rxe8+ {also wins, so I guess a lot of my
calculation was unnecessary here.}) 26... Qxd3 27. Rxe8+ Bf8 28. Rxf8+ Kg7 29.
Rxf6 $18 {White's Nc4, Bb2 and Rc1 trio leave the Black Q with nothing to
attack, and on Kg7 moves, White can win with Rxa6 or even try to set up a
mating net.}) (25... Nec7 26. Nd6 $1 $18 {simply piles on the pressure, since
Black can't hit back with} Nxc5 $2 27. Rxc5 Rxd6 28. Rxc7 $1 Rxd3 29. Qxd3 $1
$18) 26. Nde5 $1 (26. Nb4 $1 {is the computer's improvement, theatening c5-c6.}
) 26... fxe5 27. Nxe5 Nf6 ({Of course not} 27... Bxe5 $4 28. Qf8#) (27... Ne6
$5 {is trickier, which makes it the better practical choice, but it's no
better against accurate play:} 28. Nxd7 Bxd7 (28... Qxd7 29. c6 $1 bxc6 30.
Rcd1 Qe7 31. Ba3 $1 $18 {a dream position for a Bg2, Bb2 opening.}) (28... Bxb2
29. Rxe6 $1 {[%csl Gf8][%cal Gf3f8]} Ng7 {[%csl Ge6,Gf8][%cal Yd8f8,Rg7e6]} 30.
Rd6 $1 Bxc1 31. Ne5 {(/\Nf7+, Rd8)}) 29. Rcd1 $1 Bxb2 (29... Nxc5 $4 30. Qf8#)
30. Qxb7 $1 Rb8 31. Rxd7 $1 $18) 28. Nxd7 ({I saw White could win the Q and
lose the game with this:} 28. Rcd1 $2 Rxd1 29. Nf7+ Kg8 30. Nxd8 $4 (30. Rxd1
$142 Qf8 $1 31. Nd6 Bg4 $17) 30... Rxe1+ 31. Bf1 Bh3 32. Qb3+ Ncd5 $19) 28...
Bxd7 29. Rcd1 Ncd5 30. Bxf6 {Simplest.} Nxf6 31. Qxb7 $8 Rb8 32. Qxa7 Qc8 33.
c6 Bf5 34. c7 Rb7 35. Qxb7 {I got lucky in round 8 and went on to win the
U2000 section.} 1-0